000 00849nam a2200229 a 4500
001 000039806
005 20201002033738.0
008 130722s1985 sp 000 0 spa d
020 _a8432224022
040 _aDO-SdBNP
_bspa
_cBNPHU
100 1 _aHemingway, Ernest
_d1899-1961
_99091
245 1 0 _aAguas primaverales :
_bfiesta ; adios a las armas ; tener y no tener /
_cErnest heminway ; traductor María tubau...[et.al].
260 _aMadrid :
_bSeix Barral,
_c1985.
300 _a627 p. ;
_c23 cm.
563 _aCinco obras encuadernadas juntas con paginación continua.
505 0 _tFiesta --
_tAdiós a las armas --
_ttener y no tener --
590 _aInventariado, 2019/ YL
700 1 _atubau, María
_etr.
_966001
700 1 _aSolá, M
_etrad.
_966002
700 1 2 _aPujol, Carlos
_etrad.
_945462
700 1 2 _aIbarzábal, Pedro
_etrad.
_914809
999 _c39296
_d39296